=LDR 00000nam 2200000 4500 =001 INLIS000000000040941 =005 20130612150508 =008 ***********************************ind** =035 ##$$0010-061300000040941 =041 ##$$a ind =082 ##$$a 741.5 =090 ##$$a 741.5, Sal n =100 ##$$a SALMA, Sergio =245 ##$$a Natthalie, Perjalan pertamaku keliling dunia, Sergio salma;Alih bahasa, Dyah m armaya;Editor, Meilia kusumadewi =260 ##$$a 2010 $b Jakarta =300 ##$$a 48 Hlm, Ilus, 24 cm =650 ##$$a KOMIK - BACAAN =700 ##$$a ARMAYA, Dyah M =850 ##$$a NBPNMAT